[Event "GBR-ch111 Over 50"]
[Site "Liverpool"]
[Date "2025.08.09"]
[Round "6.2"]
[White "Baker, Chris W"]
[Black "Dougherty, Michael"]
[Result "1-0"]
[WhiteElo "2187"]
[BlackElo "2076"]
[PlyCount "57"]
[EventDate "2025.08.04"]
[EventType "swiss"]
[EventRounds "7"]
[EventCountry "GBR"]
[SourceTitle "BritBase"]
[Source "John Saunders"]
[SourceDate "2025.08.11"]
[SourceVersion "1"]
[SourceVersionDate "2025.08.11"]
[SourceQuality "1"]

1. e4 g6 2. d4 Bg7 3. Nf3 d6 4. Nc3 c6 5. Be3 b5 6. Qd2 Nd7 7. Bd3 Nb6 8. h3 Nc4 9. Bxc4 bxc4 10. O-O h5 11. Rfe1 Bh6 12. Bxh6 Nxh6 13. d5 cxd5 14. Nxd5 e6 15. Qc3 f6 16. Nxf6+ Ke7 17. e5 d5 18. Rad1 Nf5 19. Ng5 Kf8 20. Qxc4 Kg7 21. Qc6 Rb8 22. Nxe6+ Bxe6 23. Qxe6 Rb6 24. Qxd5 Qxd5 25. Rxd5 Rxb2 26. Rd7+ Kh6 27. e6 Rf8 28. Rh7+ Kg5 29. e7 1-0

[Event "GBR-ch111 Over 50"]
[Site "Liverpool"]
[Date "2025.08.09"]
[Round "6.3"]
[White "Duncan, Chris R"]
[Black "Jaszkiwskyj, Peter"]
[Result "1-0"]
[WhiteElo "2196"]
[BlackElo "1889"]
[PlyCount "51"]
[EventDate "2025.08.04"]
[EventType "swiss"]
[EventRounds "7"]
[EventCountry "GBR"]
[SourceTitle "BritBase"]
[Source "John Saunders"]
[SourceDate "2025.08.11"]
[SourceVersion "1"]
[SourceVersionDate "2025.08.11"]
[SourceQuality "1"]

1. e4 e6 2. d4 d5 3. Bd3 dxe4 4. Bxe4 Nf6 5. Bf3 c5 6. Ne2 Nc6 7. Be3 cxd4 8. Nxd4 Ne5 9. Nc3 Nxf3+ 10. Qxf3 Bb4 11. Ndb5 a6 12. Rd1 Qe7 13. a3 Bc5 14. Bxc5 Qxc5 15. Nd6+ Ke7 16. O-O Qc6 17. Nce4 Rd8 18. c4 b6 19. Rfe1 Bb7 20. b4 a5 21. b5 Qc7 22. Qg3 Kf8 23. Nxf6 gxf6 24. Qf4 Rd7 25. Qh6+ Ke7 26. Rxe6+ 1-0

[Event "GBR-ch111 Over 50"]
[Site "Liverpool"]
[Date "2025.08.09"]
[Round "6.4"]
[White "Gardiner, Eric D"]
[Black "Okike, David C"]
[Result "1/2-1/2"]
[WhiteElo "1869"]
[BlackElo "2165"]
[PlyCount "111"]
[EventDate "2025.08.04"]
[EventType "swiss"]
[EventRounds "7"]
[EventCountry "GBR"]
[SourceTitle "BritBase"]
[Source "John Saunders"]
[SourceDate "2025.08.11"]
[SourceVersion "1"]
[SourceVersionDate "2025.08.11"]
[SourceQuality "1"]

1. d4 Nf6 2. Bg5 e6 3. e4 h6 4. Bxf6 Qxf6 5. Nc3 d6 6. Qd2 Bd7 7. O-O-O g5 8. h4 Bg7 9. hxg5 hxg5 10. Rxh8+ Bxh8 11. Nf3 g4 12. e5 Qe7 13. exd6 cxd6 14. Nh2 f5 15. Bb5 Nc6 16. d5 Nd4 17. Bxd7+ Kxd7 18. dxe6+ Qxe6 19. Re1 Qf7 20. Kb1 Rc8 21. Nf1 Rc5 22. Ne3 b5 23. Ned5 Be5 24. Nb4 Bf6 25. Ne2 Ne6 26. Nd3 Rc4 27. Qa5 Nc7 28. Nec1 a6 29. Qd2 Kc8 30. Nb3 Bg7 31. Rd1 Qf6 32. c3 Bh6 33. Qc2 Re4 34. Nb4 Qe6 35. Nd4 Qf7 36. f3 Re5 37. Ndc6 Re6 38. Nd4 Rf6 39. Re1 d5 40. Nbc6 Bf8 41. Ne5 Qh5 42. f4 Qh2 43. Rf1 Bh6 44. Qd2 Qg3 45. Ndc6 Bf8 46. Rh1 Bh6 47. a3 Re6 48. Qd4 Bxf4 49. Rh8+ Re8 50. Rxe8+ Nxe8 51. Qb6 Bxe5 52. Qd8+ Kb7 53. Na5+ Ka7 54. Nc6+ Kb7 55. Na5+ Ka7 56. Nc6+ 1/2-1/2

[Event "GBR-ch111 Over 50"]
[Site "Liverpool"]
[Date "2025.08.09"]
[Round "6.5"]
[White "Crocker, Philip J"]
[Black "Ledger, Stephen C"]
[Result "1-0"]
[WhiteElo "2155"]
[BlackElo "2033"]
[PlyCount "83"]
[EventDate "2025.08.04"]
[EventType "swiss"]
[EventRounds "7"]
[EventCountry "GBR"]
[SourceTitle "BritBase"]
[Source "John Saunders"]
[SourceDate "2025.08.11"]
[SourceVersion "1"]
[SourceVersionDate "2025.08.11"]
[SourceQuality "1"]

1. c4 e5 2. Nc3 Nc6 3. Nf3 f5 4. e3 Nf6 5. d4 e4 6. Ne5 Nxe5 7. dxe5 Ng4 8. Nxe4 Nxe5 9. Nc3 d6 10. Be2 g6 11. b3 Bg7 12. Bb2 Be6 13. Qd2 O-O 14. h4 h5 15. Nd5 a6 16. Nf4 Bf7 17. Bf3 Nxf3+ 18. gxf3 Be5 19. Rg1 Kh7 20. Rg5 Qf6 21. O-O-O b5 22. Nd5 Bxd5 23. cxd5 a5 24. f4 Bxb2+ 25. Qxb2 Qxb2+ 26. Kxb2 b4 27. Rc1 Rf7 28. Rc4 Rb8 29. Rg1 Rb5 30. Rd4 Kg7 31. Rc1 Re7 32. Rc6 Kf7 33. a4 bxa3+ 34. Kxa3 Rb6 35. Rxb6 cxb6 36. Rc4 Rb7 37. Rc6 Ke7 38. Ka4 Kd7 39. Kb5 Rb8 40. Rxb6 Rc8 41. Rb7+ Ke8 42. Kxa5 1-0

[Event "GBR-ch111 Over 50"]
[Site "Liverpool"]
[Date "2025.08.09"]
[Round "6.6"]
[White "Neave, George"]
[Black "Farrell, Neil R"]
[Result "1/2-1/2"]
[WhiteElo "2066"]
[BlackElo "2134"]
[PlyCount "51"]
[EventDate "2025.08.04"]
[EventType "swiss"]
[EventRounds "7"]
[EventCountry "GBR"]
[SourceTitle "BritBase"]
[Source "John Saunders"]
[SourceDate "2025.08.11"]
[SourceVersion "1"]
[SourceVersionDate "2025.08.11"]
[SourceQuality "1"]

1. Nf3 Nf6 2. c4 c5 3. g3 b6 4. Bg2 Bb7 5. O-O e6 6. Nc3 Be7 7. Re1 d6 8. e4 a6 9. d4 cxd4 10. Nxd4 Qc7 11. Be3 Nbd7 12. Rc1 O-O 13. f4 h5 14. h3 Rfe8 15. g4 hxg4 16. hxg4 Nc5 17. g5 Nfxe4 18. Nxe4 Nxe4 19. Qh5 Bf8 20. g6 fxg6 21. Qxg6 Nf6 22. f5 exf5 23. Nxf5 Bxg2 24. Nh6+ Kh8 25. Nf7+ Kg8 26. Nh6+ 1/2-1/2

[Event "GBR-ch111 Over 50"]
[Site "Liverpool"]
[Date "2025.08.09"]
[Round "6.7"]
[White "McMichael, Richard J"]
[Black "Handley, Michael R"]
[Result "0-1"]
[WhiteElo "2112"]
[BlackElo "1974"]
[PlyCount "70"]
[EventDate "2025.08.04"]
[EventType "swiss"]
[EventRounds "7"]
[EventCountry "GBR"]
[SourceTitle "BritBase"]
[Source "John Saunders"]
[SourceDate "2025.08.11"]
[SourceVersion "1"]
[SourceVersionDate "2025.08.11"]
[SourceQuality "1"]

1. c4 e5 2. Nc3 Nf6 3. e3 Bb4 4. Nge2 c6 5. d4 exd4 6. Nxd4 d5 7. cxd5 Nxd5 8. Bd2 Nxc3 9. bxc3 Be7 10. Bc4 O-O 11. O-O c5 12. Nf3 Nc6 13. h3 Bf5 14. Re1 Be4 15. Nh2 Ne5 16. Be2 f5 17. f3 Bc6 18. Qb3+ c4 19. Bxc4+ Nxc4 20. Qxc4+ Kh8 21. Qe2 Bf6 22. a4 Qd7 23. Ra3 Rfd8 24. Nf1 Bxa4 25. e4 fxe4 26. Qxe4 Bb5 27. Be3 Re8 28. Qf4 Be5 29. Qg4 Qd6 30. Qb4 Bxf1 31. Kxf1 Qd3+ 32. Kf2 Bd6 33. Qa4 Rxe3 34. Rxe3 Bc5 35. Qe4 Qd2+ 0-1

[Event "GBR-ch111 Over 50"]
[Site "Liverpool"]
[Date "2025.08.09"]
[Round "6.8"]
[White "Thomas, Robert"]
[Black "Baer, Bruce L"]
[Result "0-1"]
[WhiteElo "2166"]
[BlackElo "1938"]
[PlyCount "72"]
[EventDate "2025.08.04"]
[EventType "swiss"]
[EventRounds "7"]
[EventCountry "GBR"]
[SourceTitle "BritBase"]
[Source "John Saunders"]
[SourceDate "2025.08.11"]
[SourceVersion "1"]
[SourceVersionDate "2025.08.11"]
[SourceQuality "1"]

1. d4 g6 2. Nf3 Bg7 3. g3 d6 4. Bg2 Nd7 5. O-O e5 6. dxe5 dxe5 7. c4 Ne7 8. Nc3 O-O 9. Qc2 Nc6 10. b3 e4 11. Ng5 Nd4 12. Qxe4 h6 13. Nxf7 Rxf7 14. Bxh6 Nf6 15. Qxg6 Bf5 16. Qg5 Nh7 17. Qxd8+ Rxd8 18. Bxg7 Kxg7 19. Bxb7 c6 20. Ba6 Nc2 21. e4 Nxa1 22. Rxa1 Bh3 23. c5 Ng5 24. f4 Ne6 25. b4 Rd2 26. Bf1 Bxf1 27. Rxf1 Rc2 28. Nd1 Rd7 29. Ne3 Rxa2 30. Rf2 Rxf2 31. Kxf2 Rd2+ 32. Kf3 Rxh2 33. e5 Rb2 34. f5 Nd4+ 35. Kg4 Rxb4 36. Kg5 Nf3+ 0-1

[Event "GBR-ch111 Over 50"]
[Site "Liverpool"]
[Date "2025.08.09"]
[Round "6.9"]
[White "Brett, Andrew R"]
[Black "Mason, Donald J"]
[Result "1/2-1/2"]
[WhiteElo "2061"]
[BlackElo "2015"]
[PlyCount "44"]
[EventDate "2025.08.04"]
[EventType "swiss"]
[EventRounds "7"]
[EventCountry "GBR"]
[SourceTitle "BritBase"]
[Source "John Saunders"]
[SourceDate "2025.08.11"]
[SourceVersion "1"]
[SourceVersionDate "2025.08.11"]
[SourceQuality "1"]

1. d4 Nf6 2. c4 g6 3. Nc3 Bg7 4. e4 d6 5. Be2 O-O 6. Nf3 e5 7. O-O Nbd7 8. Be3 Qe7 9. Qc2 c6 10. d5 c5 11. g3 Kh8 12. Nh4 Ng8 13. a3 Ndf6 14. f3 Nh5 15. Ng2 f5 16. exf5 Bxf5 17. Bd3 Nh6 18. g4 Bxd3 19. Qxd3 Nf4 20. Nxf4 exf4 21. Bf2 Nf7 22. Rac1 Ne5 1/2-1/2

[Event "GBR-ch111 Over 50"]
[Site "Liverpool"]
[Date "2025.08.09"]
[Round "6.10"]
[White "Brown, Alan M"]
[Black "Coffey, Mike J"]
[Result "1/2-1/2"]
[WhiteElo "1935"]
[BlackElo "1894"]
[PlyCount "85"]
[EventDate "2025.08.04"]
[EventType "swiss"]
[EventRounds "7"]
[EventCountry "GBR"]
[SourceTitle "BritBase"]
[Source "John Saunders"]
[SourceDate "2025.08.11"]
[SourceVersion "1"]
[SourceVersionDate "2025.08.11"]
[SourceQuality "1"]

1. d4 d5 2. Nf3 Nf6 3. c4 c6 4. cxd5 cxd5 5. Nc3 Nc6 6. Bf4 Qb6 7. Na4 Qa5+ 8. Bd2 Qc7 9. Nc3 Bf5 10. e3 e6 11. Be2 Be7 12. O-O h6 13. Rc1 O-O 14. Ne5 Rac8 15. f4 Rfd8 16. g4 Bh7 17. g5 Nd7 18. gxh6 f6 19. Nxc6 Qxc6 20. Bb5 Qb6 21. Qg4 g6 22. Bxd7 f5 23. Qg3 Rxd7 24. Nxd5 Qd8 25. Nxe7+ Rxe7 26. Rxc8 Qxc8 27. Rc1 Rc7 28. Qe1 Kf7 29. Rc3 Rxc3 30. Bxc3 Qc6 31. Qd1 Qe4 32. Kf2 g5 33. Qh5+ Bg6 34. Qxg5 Qc2+ 35. Ke1 Qc1+ 36. Ke2 Qc2+ 37. Bd2 Qxb2 38. Qd8 Bh5+ 39. Ke1 Qb5 40. Qc7+ Ke8 41. Qc8+ Kf7 42. Qc7+ Ke8 43. Qc8+ 1/2-1/2

[Event "GBR-ch111 Over 50"]
[Site "Liverpool"]
[Date "2025.08.09"]
[Round "6.11"]
[White "Ridge, Michael"]
[Black "Jennings, Richard"]
[Result "0-1"]
[WhiteElo "1868"]
[BlackElo "1926"]
[PlyCount "72"]
[EventDate "2025.08.04"]
[EventType "swiss"]
[EventRounds "7"]
[EventCountry "GBR"]
[SourceTitle "BritBase"]
[Source "John Saunders"]
[SourceDate "2025.08.11"]
[SourceVersion "1"]
[SourceVersionDate "2025.08.11"]
[SourceQuality "1"]

1. Nf3 Nf6 2. g3 d6 3. d4 Nbd7 4. Bg2 e5 5. O-O Be7 6. c4 O-O 7. Nc3 c6 8. e4 a6 9. a4 a5 10. h3 Qc7 11. Be3 Re8 12. Qc2 Nb8 13. Qb3 Na6 14. dxe5 dxe5 15. Bb6 Qb8 16. Be3 Nb4 17. Rfd1 Nd7 18. Rd2 Bc5 19. Re1 Bxe3 20. Rxe3 Nc5 21. Qd1 Be6 22. Bf1 f6 23. Ne1 Qc7 24. Nd3 Nbxd3 25. Bxd3 Rad8 26. Bf1 Rxd2 27. Qxd2 Rd8 28. Qc2 Rd7 29. b3 Qd8 30. Re2 Qb6 31. Re3 Qxb3 32. Qc1 Qb4 33. f4 Nb3 34. Qe1 Qc5 35. Kh2 Nd2 36. Be2 Qxe3 0-1

[Event "GBR-ch111 Over 50"]
[Site "Liverpool"]
[Date "2025.08.09"]
[Round "6.12"]
[White "Cook, Phil"]
[Black "Smith, Jeff R"]
[Result "1-0"]
[WhiteElo "1844"]
[BlackElo "2050"]
[PlyCount "71"]
[EventDate "2025.08.04"]
[EventType "swiss"]
[EventRounds "7"]
[EventCountry "GBR"]
[SourceTitle "BritBase"]
[Source "John Saunders"]
[SourceDate "2025.08.11"]
[SourceVersion "1"]
[SourceVersionDate "2025.08.11"]
[SourceQuality "1"]

1. e4 e6 2. d4 d5 3. e5 c5 4. c3 Nc6 5. Nf3 Bd7 6. Be2 Qb6 7. O-O Nge7 8. Na3 cxd4 9. cxd4 Nf5 10. Nc2 Na5 11. b4 Nc4 12. g4 Ne7 13. Bd3 Ba4 14. Qe2 Bxc2 15. Bxc2 Nc6 16. Rb1 Nxd4 17. Nxd4 Qxd4 18. Ba4+ Ke7 19. Bg5+ f6 20. exf6+ gxf6 21. Rfe1 Ne5 22. Qxe5 Qxg4+ 23. Kf1 Qh3+ 24. Ke2 fxg5 25. Qc7+ Kf6 26. Rb3 Qg4+ 27. Rf3+ Kg6 28. Qf7+ Kh6 29. Kf1 Rg8 30. Qxg8 Qxf3 31. Rxe6+ Kh5 32. Qxh7+ Kg4 33. Re3 Qh1+ 34. Ke2 Bh6 35. Bd7+ Kh5 36. Rh3# 1-0

[Event "GBR-ch111 Over 50"]
[Site "Liverpool"]
[Date "2025.08.09"]
[Round "6.13"]
[White "May, Paul"]
[Black "Noyce, Robert C"]
[Result "0-1"]
[WhiteElo "1815"]
[BlackElo "2040"]
[PlyCount "68"]
[EventDate "2025.08.04"]
[EventType "swiss"]
[EventRounds "7"]
[EventCountry "GBR"]
[SourceTitle "BritBase"]
[Source "John Saunders"]
[SourceDate "2025.08.11"]
[SourceVersion "1"]
[SourceVersionDate "2025.08.11"]
[SourceQuality "1"]

1. d4 f5 2. Bg5 g6 3. e3 Bg7 4. Nf3 d6 5. h4 h6 6. Bf4 Nf6 7. Bc4 e6 8. Nc3 Qe7 9. Qd2 Nbd7 10. O-O-O a6 11. Rhe1 b5 12. Bxb5 axb5 13. Nxb5 Nb6 14. Qc3 Nfd5 15. Qc6+ Kf7 16. Bxd6 cxd6 17. Nxd6+ Kg8 18. Ne5 Bxe5 19. dxe5 Bd7 20. Qb7 Kh7 21. Rxd5 Nxd5 22. Qb3 Rhb8 23. Qc4 Rb4 24. Qd3 Rxa2 25. b3 Ra1+ 26. Kd2 Rxe1 27. Kxe1 Qd8 28. c4 Qa5 29. Ke2 Qa2+ 30. Kf3 Rxb3 31. Qd1 Rb2 32. Qf1 Nc3 33. h5 Qb1 34. hxg6+ Kxg6 0-1

[Event "GBR-ch111 Over 50"]
[Site "Liverpool"]
[Date "2025.08.09"]
[Round "6.14"]
[White "Faulkner, Martin J"]
[Black "Kee, Steve"]
[Result "0-1"]
[WhiteElo "1818"]
[BlackElo "1977"]
[PlyCount "80"]
[EventDate "2025.08.04"]
[EventType "swiss"]
[EventRounds "7"]
[EventCountry "GBR"]
[SourceTitle "BritBase"]
[Source "John Saunders"]
[SourceDate "2025.08.11"]
[SourceVersion "1"]
[SourceVersionDate "2025.08.11"]
[SourceQuality "1"]

1. c4 f5 2. Nc3 Nf6 3. d4 d6 4. Bg5 Nbd7 5. Nf3 g6 6. h4 h6 7. Bxf6 Nxf6 8. Qc2 Bg7 9. e3 O-O 10. Bd3 Ng4 11. O-O-O e6 12. Kb1 Qe8 13. e4 Qf7 14. exf5 exf5 15. Rde1 c6 16. Rhf1 Bd7 17. Ne2 c5 18. Nf4 Rae8 19. h5 g5 20. Ng6 Rxe1+ 21. Rxe1 Re8 22. Rxe8+ Qxe8 23. Bxf5 cxd4 24. c5 d5 25. Bxd7 Qxd7 26. a3 Qe6 27. Qb3 Qe4+ 28. Ka1 d3 29. Qxd5+ Qxd5 30. Ne7+ Kf7 31. Nxd5 Nxf2 32. Kb1 Ke6 33. Ne3 g4 34. Nd2 Bd4 35. Nec4 Bxc5 36. Kc1 b5 37. Na5 Be3 38. Nab3 Kd5 39. Na1 a5 40. b4 a4 0-1

[Event "GBR-ch111 Over 50"]
[Site "Liverpool"]
[Date "2025.08.09"]
[Round "6.15"]
[White "Moyse, Nigel J"]
[Black "Swiatkowski, Aram"]
[Result "0-1"]
[WhiteElo "1944"]
[BlackElo "1844"]
[PlyCount "70"]
[EventDate "2025.08.04"]
[EventType "swiss"]
[EventRounds "7"]
[EventCountry "GBR"]
[SourceTitle "BritBase"]
[Source "John Saunders"]
[SourceDate "2025.08.11"]
[SourceVersion "1"]
[SourceVersionDate "2025.08.11"]
[SourceQuality "1"]

1. d4 Nf6 2. Bf4 d5 3. Nf3 c5 4. e3 Qb6 5. Nbd2 Qxb2 6. c4 Bf5 7. Rc1 Nc6 8. Nh4 Bc8 9. Rb1 Qxa2 10. cxd5 Qxd5 11. Bc4 Qh5 12. Nhf3 Qg4 13. dxc5 e6 14. Bd6 Bxd6 15. cxd6 O-O 16. h3 Qxg2 17. Rg1 Qxh3 18. Rb5 Rd8 19. Rbg5 g6 20. Qa1 Ne8 21. Ke2 Qh6 22. Ne4 Qg7 23. Qa3 f6 24. R5g2 f5 25. Nh4 Ne5 26. Bb3 fxe4 27. Qb4 Nxd6 28. Rd1 Nd3 29. Qa4 Bd7 30. Qa3 Nb5 31. Qa1 Nc3+ 32. Kf1 Nxd1 33. Qxd1 Rac8 34. Qg4 Rc1+ 35. Ke2 Qb2+ 0-1

[Event "GBR-ch111 Over 50"]
[Site "Liverpool"]
[Date "2025.08.09"]
[Round "6.16"]
[White "Sykes, Chris"]
[Black "Matthews, Adrian MS"]
[Result "1-0"]
[WhiteElo "1903"]
[BlackElo "1796"]
[PlyCount "141"]
[EventDate "2025.08.04"]
[EventType "swiss"]
[EventRounds "7"]
[EventCountry "GBR"]
[SourceTitle "BritBase"]
[Source "John Saunders"]
[SourceDate "2025.08.11"]
[SourceVersion "1"]
[SourceVersionDate "2025.08.11"]
[SourceQuality "1"]

1. d4 Nf6 2. Nc3 d5 3. Bf4 e6 4. Nb5 Bb4+ 5. c3 Ba5 6. a4 a6 7. b4 axb5 8. axb5 b6 9. bxa5 bxa5 10. e3 Nbd7 11. Nf3 Nb6 12. Ne5 Bd7 13. Bd3 O-O 14. O-O Qe8 15. Ng4 Nxg4 16. Qxg4 e5 17. Qh4 e4 18. Bxc7 Qe6 19. Be2 Rfc8 20. Bxb6 Qxb6 21. Rfc1 Be6 22. Qe7 Rc7 23. Qa3 Bd7 24. c4 dxc4 25. Rxc4 Rxc4 26. Bxc4 Rc8 27. Bf1 Ra8 28. Qc5 Qb7 29. b6 a4 30. Bb5 Bxb5 31. Qxb5 g6 32. g3 a3 33. Qb3 Ra6 34. Rxa3 Rxb6 35. Qa4 Rb1+ 36. Kg2 Kg7 37. Qe8 Qd5 38. Ra4 Qf5 39. Qe5+ Qxe5 40. dxe5 f5 41. exf6+ Kxf6 42. Rxe4 Rb5 43. g4 g5 44. Ra4 Rb6 45. Kg3 Rc6 46. h4 h6 47. Ra5 Rb6 48. f4 gxf4+ 49. Kxf4 Rc6 50. e4 Rb6 51. Rd5 Rb4 52. Rd6+ Kg7 53. Kf5 Rb7 54. e5 Rb2 55. Rd7+ Kf8 56. e6 Rf2+ 57. Kg6 Re2 58. Rf7+ Ke8 59. Rf6 Ke7 60. g5 hxg5 61. hxg5 Rh2 62. Rf1 Kxe6 63. Re1+ Kd6 64. Kg7 Rg2 65. g6 Rf2 66. Kh7 Rh2+ 67. Kg8 Rg2 68. g7 Rf2 69. Re4 Kd5 70. Rh4 Ke6 71. Kh8 1-0

[Event "GBR-ch111 Over 50"]
[Site "Liverpool"]
[Date "2025.08.09"]
[Round "6.17"]
[White "Wheeler, Tim"]
[Black "Alldritt, Nigel RE"]
[Result "1/2-1/2"]
[WhiteElo "1784"]
[BlackElo "1888"]
[PlyCount "51"]
[EventDate "2025.08.04"]
[EventType "swiss"]
[EventRounds "7"]
[EventCountry "GBR"]
[SourceTitle "BritBase"]
[Source "John Saunders"]
[SourceDate "2025.08.11"]
[SourceVersion "1"]
[SourceVersionDate "2025.08.11"]
[SourceQuality "1"]

1. e4 e6 2. d3 d5 3. Qe2 c5 4. Nf3 Nc6 5. g3 Nf6 6. Bg2 Be7 7. O-O O-O 8. e5 Nd7 9. Re1 b5 10. h4 Qc7 11. Bf4 a5 12. Nbd2 Ba6 13. Nf1 c4 14. a3 b4 15. dxc4 bxa3 16. bxa3 Nb6 17. Ng5 h6 18. Ne4 dxe4 19. Bxe4 Nxc4 20. Qh5 N4xe5 21. Bxe5 Nxe5 22. Bxa8 Rxa8 23. Qxe5 Qxe5 24. Rxe5 Bf6 25. Rae1 Bxf1 26. Rf5 1/2-1/2

[Event "GBR-ch111 Over 50"]
[Site "Liverpool"]
[Date "2025.08.09"]
[Round "6.18"]
[White "Giulian, Rosemary A"]
[Black "Kelly, Richard"]
[Result "1-0"]
[WhiteElo "1861"]
[BlackElo "1787"]
[PlyCount "93"]
[EventDate "2025.08.04"]
[EventType "swiss"]
[EventRounds "7"]
[EventCountry "GBR"]
[SourceTitle "BritBase"]
[Source "John Saunders"]
[SourceDate "2025.08.11"]
[SourceVersion "1"]
[SourceVersionDate "2025.08.11"]
[SourceQuality "1"]

1. e4 e6 2. d4 d5 3. Nd2 Nc6 4. Ngf3 Nf6 5. e5 Nd7 6. Bd3 Nb4 7. Be2 c5 8. c3 Nc6 9. O-O Be7 10. Re1 cxd4 11. cxd4 f6 12. Bd3 O-O 13. Nf1 fxe5 14. dxe5 Nc5 15. Bb1 Bd7 16. Ng3 Be8 17. a3 a5 18. Be3 b6 19. Bc2 b5 20. Bxc5 Bxc5 21. Bxh7+ Kxh7 22. Qc2+ Kg8 23. Qxc5 Rc8 24. Qe3 Bg6 25. Rac1 d4 26. Qd2 Qd5 27. Qg5 Bh7 28. Nh5 Rf7 29. Nf6+ Rxf6 30. exf6 Qxg5 31. Nxg5 Bf5 32. f7+ Kf8 33. Nxe6+ Kxf7 34. Ng5+ Kf8 35. Nf3 d3 36. Rc5 Ne7 37. Rxc8+ Nxc8 38. Rd1 Nd6 39. Ne5 Nc4 40. Nxc4 bxc4 41. Kf1 Ke7 42. Ke1 Kd6 43. Kd2 Kd5 44. Re1 Kd4 45. Re7 c3+ 46. bxc3+ Kc4 47. Re5 1-0

[Event "GBR-ch111 Over 50"]
[Site "Liverpool"]
[Date "2025.08.09"]
[Round "6.19"]
[White "Aitchison, A Keith"]
[Black "Regan, Natasha K"]
[Result "0-1"]
[WhiteElo "1757"]
[BlackElo "2064"]
[PlyCount "76"]
[EventDate "2025.08.04"]
[EventType "swiss"]
[EventRounds "7"]
[EventCountry "GBR"]
[SourceTitle "BritBase"]
[Source "John Saunders"]
[SourceDate "2025.08.11"]
[SourceVersion "1"]
[SourceVersionDate "2025.08.11"]
[SourceQuality "1"]

1. e4 e5 2. Nf3 Nc6 3. Bc4 Nf6 4. d4 exd4 5. e5 d5 6. Bb5 Nd7 7. Bxc6 bxc6 8. O-O Be7 9. Re1 O-O 10. Nxd4 Nb8 11. c3 c5 12. Nb3 c4 13. Nd4 c5 14. Nc2 Nc6 15. b3 cxb3 16. axb3 Be6 17. Nd2 Qb6 18. Qe2 a5 19. Ba3 Rfd8 20. Reb1 Rac8 21. b4 axb4 22. cxb4 cxb4 23. Bxb4 Nxb4 24. Nxb4 Bxb4 25. Ra4 Bxd2 26. Rxb6 Rc1+ 27. Qf1 Rxf1+ 28. Kxf1 Bc3 29. Rd6 Rc8 30. f4 g6 31. h3 d4 32. g4 Bb3 33. Ra7 Bc4+ 34. Kf2 Rb8 35. f5 d3 36. Rc7 Bxe5 37. Rxc4 Bxd6 38. Rc3 Rd8 0-1

[Event "GBR-ch111 Over 50"]
[Site "Liverpool"]
[Date "2025.08.09"]
[Round "6.20"]
[White "Homer, Stephen J"]
[Black "Letton, Rob"]
[Result "1-0"]
[WhiteElo "2005"]
[BlackElo "1711"]
[PlyCount "155"]
[EventDate "2025.08.04"]
[EventType "swiss"]
[EventRounds "7"]
[EventCountry "GBR"]
[SourceTitle "BritBase"]
[Source "John Saunders"]
[SourceDate "2025.08.11"]
[SourceVersion "1"]
[SourceVersionDate "2025.08.11"]
[SourceQuality "1"]

1. e4 c5 2. Nf3 Nc6 3. Bb5 g6 4. O-O Bg7 5. Bxc6 bxc6 6. Re1 d5 7. e5 Bg4 8. h3 Bxf3 9. Qxf3 e6 10. d3 Qb8 11. Qe2 Ne7 12. Nd2 Bh6 13. Nc4 Bxc1 14. Nd6+ Kf8 15. Raxc1 Nf5 16. Nxf5 gxf5 17. Qe3 d4 18. Qh6+ Ke8 19. Qg7 Rf8 20. b3 Qd8 21. c3 Qh4 22. cxd4 Qxd4 23. Qxh7 Rd8 24. Qh5 Rg8 25. Qf3 Qd5 26. Qxd5 Rxd5 27. Rc4 Ke7 28. Ra4 Ra8 29. Re3 f6 30. exf6+ Kxf6 31. Rh4 Rd6 32. Rh6+ Kf7 33. Re5 Rxd3 34. Rexe6 Rd2 35. Rxc6 Kg7 36. Rhd6 Rxa2 37. Rd7+ Kg8 38. Rxc5 Rb2 39. Rxf5 Rxb3 40. Ra5 a6 41. Rd6 Rf8 42. Raxa6 Rb1+ 43. Kh2 Rxf2 44. Rg6+ Kf7 45. Rg4 Rbb2 46. Raa4 Rfe2 47. Raf4+ Ke6 48. Re4+ Rxe4 49. Rxe4+ Kf5 50. Rg4 Rb3 51. Rg8 Kf6 52. h4 Rb2 53. Kh3 Kf7 54. Rg5 Kf6 55. g3 Rb4 56. Ra5 Kg6 57. Ra3 Rb1 58. Ra6+ Kg7 59. h5 Rh1+ 60. Kg4 Rb1 61. Kh4 Rh1+ 62. Kg5 Rb1 63. Ra7+ Kg8 64. g4 Rb5+ 65. Kh4 Rb4 66. h6 Rb5 67. Rg7+ Kh8 68. Rf7 Rb6 69. Kh5 Kg8 70. Rf5 Kh7 71. g5 Kh8 72. Rf6 Rb8 73. Rf5 Rg8 74. g6 Rb8 75. h7 Kg7 76. Rf7+ Kh8 77. Kh6 Rb7 78. g7# 1-0

[Event "GBR-ch111 Over 50"]
[Site "Liverpool"]
[Date "2025.08.09"]
[Round "6.21"]
[White "Archer-Lock, Christopher J"]
[Black "Kenning, Paul H"]
[Result "1-0"]
[WhiteElo "1974"]
[BlackElo "1764"]
[PlyCount "55"]
[EventDate "2025.08.04"]
[EventType "swiss"]
[EventRounds "7"]
[EventCountry "GBR"]
[SourceTitle "BritBase"]
[Source "John Saunders"]
[SourceDate "2025.08.11"]
[SourceVersion "1"]
[SourceVersionDate "2025.08.11"]
[SourceQuality "1"]

1. e4 d6 2. d4 Nf6 3. Nc3 e5 4. Nf3 Nbd7 5. Rg1 h6 6. g4 c6 7. Be3 Qa5 8. Qd2 b5 9. Bd3 b4 10. Ne2 d5 11. Nxe5 Nxe5 12. dxe5 Nxg4 13. Bd4 c5 14. exd5 cxd4 15. Qf4 g5 16. Qe4 Qc7 17. d6 Qb8 18. Bb5+ Kd8 19. Bc6 Bg7 20. Rxg4 Bxg4 21. Qxg4 Qc8 22. Qf3 Rb8 23. Qxf7 Qxc6 24. Qxg7 Re8 25. O-O-O Rb7 26. Qf6+ Kc8 27. Nxd4 Qc4 28. e6 1-0

[Event "GBR-ch111 Over 50"]
[Site "Liverpool"]
[Date "2025.08.09"]
[Round "6.23"]
[White "Strugar, Ioan"]
[Black "Graff, Ben"]
[Result "0-1"]
[WhiteElo "1659"]
[BlackElo "1809"]
[PlyCount "104"]
[EventDate "2025.08.04"]
[EventType "swiss"]
[EventRounds "7"]
[EventCountry "GBR"]
[SourceTitle "BritBase"]
[Source "John Saunders"]
[SourceDate "2025.08.11"]
[SourceVersion "1"]
[SourceVersionDate "2025.08.11"]
[SourceQuality "1"]

1. e4 Nc6 2. d4 d5 3. exd5 Qxd5 4. Be3 e5 5. Ne2 Nf6 6. Nbc3 Bb4 7. a3 exd4 8. axb4 dxc3 9. Nxc3 Qxd1+ 10. Rxd1 Nxb4 11. Bc5 Nxc2+ 12. Kd2 Nd7 13. Kxc2 Nxc5 14. Bb5+ c6 15. Rhe1+ Be6 16. Bc4 O-O 17. Bxe6 Nxe6 18. Rd7 b6 19. b4 a5 20. bxa5 Rxa5 21. Red1 c5 22. R1d6 b5 23. Kb2 h6 24. Rb7 b4 25. Nd5 Rfa8 26. Nb6 Ra2+ 27. Kb3 R8a3+ 28. Kc4 Rc3+ 29. Kd5 Rd3+ 30. Kc6 Rxd6+ 31. Kxd6 Rxf2 32. Rb8+ Kh7 33. Ke7 Kg6 34. Nc4 Re2 35. Nd6 Nf4+ 36. Kf8 Ne6+ 37. Kg8 Rxg2 38. Nxf7 Rxh2 39. Rb6 Kf5 40. Nd6+ Kf4 41. Kf7 Nd4 42. Kxg7 Nf5+ 43. Nxf5 Kxf5 44. Rf6+ Ke5 45. Rc6 Kd4 46. Rd6+ Kc3 47. Kf6 b3 48. Rc6 c4 49. Ke5 Rd2 50. Ke4 b2 51. Rb6 Kc2 52. Ke3 Rd3+ 0-1